00531nam a22001572 4500001001100000005001700011008004100028020002800069040001500097245010000112260004400212300001200256650003200268650003700300700003600337000000850120151217152034.0080416s xx 000 0 eng d a0801022460 :cKES n1900 aKABUcKABU10aEvangelical futures :ba conversation on theological method /cJohn G. Stackhouse, Jr., editor. aGrand Rapids, MI :bBaker Books,c2000. a214 p. 0aEvangelicalism.@0000148902 0aTheology, Doctrinal.@00001008901 aStackhouse, John G.@0000159112